000 00757nam a2200289Ia 4500
005 20260324135821.0
008 008 260324s9999 xx 000 0 eng d
020 _a9780429448355
037 _aEBOOK
040 _aCRL
040 _beng
040 _cCRL
041 _2eng
041 _aeng
084 _qCRL
100 _aDavid Burch; Jasper Goss; Geoffrey Lawrence
_91202029
245 0 _aRestructuring Global and Regional Agricultures
245 0 _bTransformations in Australasian Agri-Food Economies and Spaces
260 _bTaylor and Francis
260 _c1999
365 _a
365 _b205
856 _uhttp://www.taylorfrancis.com/books/9780429448355
942 _cEBOOK
999 _c1803491
_d1803491